[Event "New York Fall IM-D"]
[Site "New York"]
[Date "2024.11.11"]
[Round "9"]
[White "Mou, Iris Zhaoying"]
[Black "Johnson, Donald"]
[Result "0-1"]
[WhiteElo "2257"]
[BlackElo "2258"]
[PlyCount "104"]
[EventDate "2024.11.07"]
[EventType "tourn"]
[EventRounds "9"]
[EventCountry "USA"]
[EventCategory "1"]
[SourceTitle "CB45_2024"]
[Source "ChessBase"]
[SourceDate "2024.11.06"]
[SourceVersion "1"]
[SourceVersionDate "2024.11.06"]
[SourceQuality "1"]

1. e4 c5 2. Nf3 d6 3. d4 cxd4 4. Nxd4 Nf6 5. Bd3 Nc6 6. Be3 Ng4 7. Nxc6 bxc6 8. Bd2 e5 9. 0-0 Be6 10. c4 Be7 11. Qe2 0-0 12. Rd1 Qb6 13. h3 Nf6 14. Be3 Qc7 15. Nc3 a5 16. Rac1 Qb7 17. Bg5 Ne8 18. Bxe7 Qxe7 19. c5 dxc5 20. b3 Rd8 21. Na4 Rd4 22. Nxc5 Nc7 23. Qe1 Qg5 24. Kh1 a4 25. Nxa4 Qh4 26. Qe3 Rfd8 27. Nc5 Bg4 28. Rd2 Ne6 29. Nxe6 Bxe6 30. Rcc2 Qf4 31. Qe2 R4d6 32. Rc3 Bc8 33. Rd1 Ba6 34. g3 Qh6 35. Kg2 Rd4 36. Qc2 Qg6 37. f3 Qg5 38. Kf2 h5 39. h4 Qe7 40. Ke3 Qa7 41. Ke2 Qd7 42. Ke3 c5 43. a3 Qh3 44. Qf2 Qd7 45. Qc2 Qd6 46. a4 f5 47. exf5 e4 48. fxe4 Qxg3+ 49. Kd2 Bxd3 50. Rxd3 Rxd3+ 51. Kc1 Rxd1+ 52. Kb2 R1d2 0-1

[Event "New York Fall IM-D"]
[Site "New York"]
[Date "2024.11.11"]
[Round "8"]
[White "Yudasin, Leonid"]
[Black "Mou, Iris Zhaoying"]
[Result "1/2-1/2"]
[WhiteElo "2313"]
[BlackElo "2257"]
[PlyCount "49"]
[EventDate "2024.11.07"]
[EventType "tourn"]
[EventRounds "9"]
[EventCountry "USA"]
[EventCategory "1"]
[SourceTitle "CB45_2024"]
[Source "ChessBase"]
[SourceDate "2024.11.06"]
[SourceVersion "1"]
[SourceVersionDate "2024.11.06"]
[SourceQuality "1"]

1. Nf3 d5 2. g3 Bf5 3. Bg2 e6 4. c4 c6 5. cxd5 exd5 6. 0-0 Nf6 7. d3 Bc5 8. Qc2 Na6 9. a3 0-0 10. b4 Be7 11. Nbd2 Qd7 12. Re1 h6 13. Bb2 Nc7 14. Nb3 Ne6 15. e4 Bh7 16. Ne5 Qd8 17. f4 Bd6 18. h3 Re8 19. Rad1 Rc8 20. Qf2 Qb6 21. Ng4 Nxg4 22. hxg4 Qxf2+ 23. Kxf2 dxe4 24. dxe4 Bc7 25. Bf3 1/2-1/2

[Event "New York Fall IM-D"]
[Site "New York"]
[Date "2024.11.09"]
[Round "4"]
[White "Mou, Iris Zhaoying"]
[Black "Lin, Bryan Enming"]
[Result "1/2-1/2"]
[WhiteElo "2257"]
[BlackElo "2368"]
[PlyCount "62"]
[EventDate "2024.11.07"]
[EventType "tourn"]
[EventRounds "9"]
[EventCountry "USA"]
[EventCategory "1"]
[SourceTitle "CB45_2024"]
[Source "ChessBase"]
[SourceDate "2024.11.06"]
[SourceVersion "1"]
[SourceVersionDate "2024.11.06"]
[SourceQuality "1"]

1. e4 c5 2. Nf3 e6 3. c3 Nf6 4. e5 Nd5 5. d4 cxd4 6. cxd4 d6 7. Bc4 Be7 8. 0-0 0-0 9. Qe2 a6 10. Rd1 b5 11. Bxd5 exd5 12. Nc3 Be6 13. Qd3 Nc6 14. Bf4 Qd7 15. Rac1 Rfc8 16. h3 h6 17. Qd2 Bf8 18. Ne2 Ra7 19. exd6 Bxd6 20. Ne5 Nxe5 21. dxe5 Be7 22. Be3 Rac7 23. Rxc7 Qxc7 24. Bd4 Qc2 25. Qxc2 Rxc2 26. Kf1 b4 27. Rc1 Rc4 28. b3 Rxc1+ 29. Nxc1 Bf5 30. Ke2 Kf8 31. Nd3 Ke8 1/2-1/2

[Event "New York Fall IM-D"]
[Site "New York"]
[Date "2024.11.08"]
[Round "3"]
[White "Asavasaetakul, Chawit"]
[Black "Mou, Iris Zhaoying"]
[Result "0-1"]
[WhiteElo "2009"]
[BlackElo "2257"]
[PlyCount "68"]
[EventDate "2024.11.07"]
[EventType "tourn"]
[EventRounds "9"]
[EventCountry "USA"]
[EventCategory "1"]
[SourceTitle "CB45_2024"]
[Source "ChessBase"]
[SourceDate "2024.11.06"]
[SourceVersion "1"]
[SourceVersionDate "2024.11.06"]
[SourceQuality "1"]

1. e4 c6 2. d4 d5 3. Nd2 dxe4 4. Nxe4 Nf6 5. Nxf6+ exf6 6. Bc4 Bd6 7. Qe2+ Qe7 8. Qxe7+ Kxe7 9. Ne2 Re8 10. Bf4 Bxf4 11. Nxf4 Kf8+ 12. Kd2 Rd8 13. c3 Nd7 14. Bd3 c5 15. d5 Ne5 16. c4 b5 17. b3 bxc4 18. bxc4 Ba6 19. h4 Bxc4 20. Bxc4 Nxc4+ 21. Kc3 Nb6 22. Rhd1 Rd6 23. a4 a5 24. Rdb1 g5 25. Nh5 Rc8 26. Ng3 c4 27. Rxb6 Rxb6 28. Ne4 Rb3+ 29. Kc2 Re8 30. f3 f5 31. Nd2 Re2 32. Kd1 Rxg2 33. Nxb3 cxb3 34. Ra3 Rg1+ 0-1

[Event "New York Fall IM-D"]
[Site "New York"]
[Date "2024.11.07"]
[Round "1"]
[White "Mirzoev, Azer"]
[Black "Mou, Iris Zhaoying"]
[Result "1-0"]
[WhiteElo "2454"]
[BlackElo "2257"]
[PlyCount "123"]
[EventDate "2024.11.07"]
[EventType "tourn"]
[EventRounds "9"]
[EventCountry "USA"]
[EventCategory "1"]
[SourceTitle "CB45_2024"]
[Source "ChessBase"]
[SourceDate "2024.11.06"]
[SourceVersion "1"]
[SourceVersionDate "2024.11.06"]
[SourceQuality "1"]

1. c4 e5 2. Nc3 Nf6 3. e3 c6 4. Nf3 e4 5. Nd4 Bc5 6. d3 exd3 7. Qxd3 0-0 8. Be2 d5 9. Nb3 Bb4 10. 0-0 dxc4 11. Qxc4 Bd6 12. Rd1 Qe7 13. Nd4 Na6 14. Bd2 Nc5 15. a3 Ng4 16. h3 Ne5 17. Qa2 a5 18. Be1 Ng6 19. Bf1 Nh4 20. Qc4 a4 21. g3 Nf5 22. Bg2 Nxd4 23. exd4 Nb3 24. Rab1 Bf5 25. Nxa4 Bxb1 26. Rxb1 Na5 27. Qc2 Qe6 28. Nb6 Ra6 29. d5 cxd5 30. Nxd5 Nc6 31. Bc3 Be5 32. Re1 Qd6 33. Bxe5 Nxe5 34. Qc7 Nd3 35. Qxd6 Rxd6 36. Rd1 Rxd5 37. Bxd5 Nxb2 38. Rd2 Na4 39. Bxb7 g6 40. Rc2 Rb8 41. Rc8+ Rxc8 42. Bxc8 Nc5 43. Bg4 Kf8 44. Be2 Ke7 45. Bc4 f5 46. Kf1 h6 47. Ke2 Kd6 48. Ke3 g5 49. Bb5 Nb3 50. a4 Ke5 51. f4+ Kd6 52. Bd3 Nc5 53. a5 Ke6 54. a6 Nd7 55. a7 Nb6 56. Kd4 Na8 57. Bc4+ Kf6 58. Bd5 Nc7 59. a8Q Nxa8 60. Bxa8 h5 61. h4 g4 62. Bd5 1-0

[Event "New York Marshall Labor Day-B"]
[Site "New York"]
[Date "2024.09.02"]
[Round "9"]
[White "Ansh, M Shah"]
[Black "Mou, Iris Zhaoying"]
[Result "1/2-1/2"]
[WhiteElo "2250"]
[BlackElo "2201"]
[PlyCount "138"]
[EventDate "2024.08.29"]
[EventType "tourn"]
[EventRounds "9"]
[EventCountry "USA"]
[SourceTitle "EXT 2025"]
[Source "ChessBase"]
[SourceDate "2024.10.14"]
[SourceVersion "1"]
[SourceVersionDate "2024.10.14"]
[SourceQuality "1"]

1. d4 d5 2. c4 e6 3. Nf3 Nf6 4. g3 Be7 5. Bg2 Ne4 6. 0-0 f5 7. Ne5 Nd7 8. Nxd7 Bxd7 9. Nc3 c6 10. Nxe4 fxe4 11. f3 exf3 12. Rxf3 dxc4 13. Qc2 b5 14. e4 e5 15. dxe5 Bg4 16. Rf4 Qd4+ 17. Kh1 Rd8 18. Rf1 Qd3 19. Qc3 Be2 20. Be3 Bxf1 21. Bxf1 Qxc3 22. bxc3 Ba3 23. Rb1 0-0 24. Kg2 Rde8 25. Bf4 Bc5 26. h4 a6 27. Be2 Ba7 28. Bg4 Bb8 29. Bd7 Re7 30. Bxc6 Bxe5 31. Bd5+ Kh8 32. Bxe5 Rxe5 33. a4 Rb8 34. axb5 axb5 35. Kf3 Ree8 36. Ke3 g6 37. Kd4 Kg7 38. g4 Rec8 39. Rb4 Rf8 40. Ke3 Kf6 41. Kd4 Kg7 42. Ke3 Kf6 43. Kd4 Ke7 44. Rb1 Rfc8 45. Rf1 Rf8 46. Ra1 Rbd8 47. Ke3 Rh8 48. Ra5 Rb8 49. Ra7+ Kd8 50. Kd4 h6 51. Rg7 g5 52. h5 Rf8 53. e5 b4 54. cxb4 Rxb4 55. e6 Re8 56. Rd7+ Kc8 57. Ra7 Kd8 58. Kc5 Rb8 59. Rd7+ Kc8 60. Bxc4 Rb1 61. Bd5 Rd8 62. Ra7 Rc1+ 63. Bc4 Kb8 64. Ra4 Kc7 65. Ra6 Rc8 66. Kd5 Rd8+ 67. Kc5 Rc8 68. Kd5 Rd8+ 69. Kc5 Rc8 1/2-1/2

[Event "New York Marshall Labor Day-B"]
[Site "New York"]
[Date "2024.08.31"]
[Round "4"]
[White "Mou, Iris Zhaoying"]
[Black "Quesada Vera, Liordis"]
[Result "1-0"]
[WhiteElo "2201"]
[BlackElo "2328"]
[PlyCount "45"]
[EventDate "2024.08.29"]
[EventType "tourn"]
[EventRounds "9"]
[EventCountry "USA"]
[SourceTitle "EXT 2025"]
[Source "ChessBase"]
[SourceDate "2024.10.14"]
[SourceVersion "1"]
[SourceVersionDate "2024.10.14"]
[SourceQuality "1"]

1. e4 d6 2. d4 Nf6 3. Nc3 Nbd7 4. f4 e5 5. Nf3 exd4 6. Qxd4 c6 7. Bd2 d5 8. exd5 Bc5 9. Qd3 0-0 10. 0-0-0 Qc7 11. Ng5 Bd6 12. Nge4 Bxf4 13. d6 Bxd2+ 14. Qxd2 Qa5 15. Kb1 Nxe4 16. Nxe4 Qxd2 17. Rxd2 Ne5 18. Be2 f6 19. Nc5 b6 20. d7 bxc5 21. d8Q Rxd8 22. Rxd8+ Kf7 23. Rhd1 1-0

[Event "New York Marshall Labor Day-B"]
[Site "New York"]
[Date "2024.08.30"]
[Round "2"]
[White "Ho, Cooper"]
[Black "Mou, Iris Zhaoying"]
[Result "0-1"]
[WhiteElo "2099"]
[BlackElo "2201"]
[PlyCount "54"]
[EventDate "2024.08.29"]
[EventType "tourn"]
[EventRounds "9"]
[EventCountry "USA"]
[SourceTitle "EXT 2025"]
[Source "ChessBase"]
[SourceDate "2024.10.14"]
[SourceVersion "1"]
[SourceVersionDate "2024.10.14"]
[SourceQuality "1"]

1. e4 c6 2. d4 d5 3. e5 Bf5 4. h4 a6 5. g4 Bd7 6. f4 e6 7. c3 c5 8. Be3 Qb6 9. Qd2 Nc6 10. h5 cxd4 11. cxd4 Nh6 12. Be2 Bb4 13. Nc3 Na5 14. Nh3 Bb5 15. 0-0 Nc4 16. Qc1 Nxe3 17. Qxe3 Bxe2 18. Nxe2 Nxg4 19. Qf3 Nh6 20. Rac1 Nf5 21. Kh2 h6 22. Rg1 0-0 23. Ng3 Nxd4 24. Qg4 Rfc8 25. Rcf1 Bf8 26. f5 Rc2+ 27. Nf2 Nxf5 0-1

[Event "USA-ch U20 Girls"]
[Site "Saint Louis"]
[Date "2024.07.25"]
[Round "9"]
[White "Mou, Iris Zhaoying"]
[Black "Vidyarthi, Omya"]
[Result "1-0"]
[WhiteElo "2165"]
[BlackElo "2087"]
[PlyCount "119"]
[EventDate "2024.07.16"]
[EventType "tourn"]
[EventRounds "9"]
[EventCountry "USA"]
[SourceTitle "EXT 2025"]
[Source "ChessBase"]
[SourceDate "2024.10.14"]
[SourceVersion "1"]
[SourceVersionDate "2024.10.14"]
[SourceQuality "1"]

1. e4 e5 2. Nc3 Nf6 3. d4 exd4 4. Qxd4 Nc6 5. Qd3 Bb4 6. Bd2 d6 7. 0-0-0 0-0 8. Nge2 Ne5 9. Qg3 Nh5 10. Qg5 Qxg5 11. Bxg5 Ng4 12. Nd5 Ba5 13. Bh4 Ne5 14. Ne7+ Kh8 15. f4 Ng6 16. Rd5 Nxh4 17. Rxh5 Be1 18. Nxc8 Raxc8 19. g3 Ng6 20. Bh3 Bf2 21. Bxc8 Rxc8 22. Kd2 Re8 23. Kd3 Nf8 24. Rf1 Bb6 25. Nc3 c6 26. b4 a6 27. g4 Kg8 28. g5 Ng6 29. Rh3 Bd8 30. Nd1 f6 31. gxf6 Bxf6 32. Ne3 Rf8 33. Ng4 Bg5 34. Rhf3 Bxf4 35. Ke2 h5 36. Ne3 Bxh2 37. Rxf8+ Nxf8 38. Rh1 Be5 39. Rxh5 Ne6 40. Rh1 Bc3 41. Rb1 Kf7 42. Kd3 Bf6 43. Nc4 Ke7 44. Na5 Nd8 45. c4 b6 46. Nb3 Ne6 47. a4 Kd7 48. Rf1 Kc7 49. Rf5 c5 50. b5 axb5 51. cxb5 Nd8 52. Nd2 Nf7 53. Nc4 Nh6 54. Rf1 Nf7 55. Rf4 Kb7 56. Ke2 Kc7 57. Ne3 Ng5 58. Nd5+ Kb7 59. Nxf6 gxf6 60. Kd3 1-0

[Event "USA-ch U20 Girls"]
[Site "Saint Louis"]
[Date "2024.07.23"]
[Round "7"]
[White "Mou, Iris Zhaoying"]
[Black "Li, Rachael"]
[Result "1/2-1/2"]
[WhiteElo "2165"]
[BlackElo "2182"]
[PlyCount "158"]
[EventDate "2024.07.16"]
[EventType "tourn"]
[EventRounds "9"]
[EventCountry "USA"]
[SourceTitle "EXT 2025"]
[Source "ChessBase"]
[SourceDate "2024.10.14"]
[SourceVersion "1"]
[SourceVersionDate "2024.10.14"]
[SourceQuality "1"]

1. e4 c5 2. Nf3 d6 3. d4 cxd4 4. Nxd4 Nf6 5. Bd3 a6 6. c4 g6 7. Nc3 Bg7 8. Be2 0-0 9. 0-0 Bd7 10. Be3 Nc6 11. h3 Rc8 12. Qd2 Nxd4 13. Bxd4 Bc6 14. Qe3 Nd7 15. Bxg7 Kxg7 16. Qd4+ Kg8 17. Bg4 b5 18. cxb5 axb5 19. Rad1 Rc7 20. Qb4 Qa8 21. Be2 Rb8 22. a3 Nc5 23. Nd5 Ra7 24. Bf3 Bxd5 25. Rxd5 Ra4 26. Qc3 b4 27. axb4 Raxb4 28. e5 Rb3 29. Qd2 Rxb2 30. Qg5 Qa7 31. exd6 exd6 32. Rxd6 Ne6 33. Qe5 Rb1 34. Rdd1 R1b5 35. Bd5 Qc5 36. Qf6 R5b6 37. Rfe1 Rf8 38. Rxe6 fxe6 39. Bxe6+ Rxe6 40. Qxe6+ Kh8 41. Qe2 Qf5 42. Qb2+ Kg8 43. Ra1 Qc5 44. Rc1 Qa7 45. Qb3+ Qf7 46. Qe3 Qg7 47. Qe6+ Qf7 48. Qe3 Qg7 49. Qg3 Qb2 50. Rc7 Qa1+ 51. Kh2 Qb2 52. f3 Qf6 53. Rc4 Qf5 54. Re4 Qc5 55. h4 Kg7 56. Qe1 Qd6+ 57. Kh1 Rf7 58. Qc3+ Qf6 59. Qe3 h5 60. Kh2 Qd6+ 61. Kh3 Qd7+ 62. Kg3 Qd6+ 63. Re5 Re7 64. f4 Rd7 65. Kh2 Rf7 66. Qg3 Kh7 67. Qe3 Qf6 68. Kg3 Qd6 69. Rg5 Re7 70. Qf3 Qd4 71. Rd5 Qg1 72. Re5 Rxe5 73. fxe5 Qe1+ 74. Kf4 Qxh4+ 75. Ke3 Qe1+ 76. Kf4 Qh4+ 77. Ke3 Qe1+ 78. Kd4 Qb4+ 79. Ke3 Qe1+ 1/2-1/2

[Event "USA-ch U20 Girls"]
[Site "Saint Louis"]
[Date "2024.07.16"]
[Round "1"]
[White "Lee, Alice"]
[Black "Mou, Iris Zhaoying"]
[Result "0-1"]
[WhiteElo "2371"]
[BlackElo "2165"]
[PlyCount "82"]
[EventDate "2024.07.16"]
[EventType "tourn"]
[EventRounds "9"]
[EventCountry "USA"]
[SourceTitle "EXT 2025"]
[Source "ChessBase"]
[SourceDate "2024.10.14"]
[SourceVersion "1"]
[SourceVersionDate "2024.10.14"]
[SourceQuality "1"]

1. d4 d5 2. c4 e6 3. Nf3 Nf6 4. g3 Bb4+ 5. Nbd2 dxc4 6. a3 Bxd2+ 7. Bxd2 b5 8. a4 c6 9. Bg2 Bb7 10. Qc2 h6 11. h4 Nbd7 12. Ne5 Qc7 13. b3 c5 14. Bxb7 Qxb7 15. 0-0 Qe4 16. Qa2 cxd4 17. Nxd7 Nxd7 18. Bb4 a5 19. axb5 cxb3 20. Qb1 Qd5 21. Ba3 Ne5 22. Rc1 d3 23. Rc5 Qd4 24. Qb2 Qxb2 25. Bxb2 Nd7 26. Rc7 dxe2 27. f3 Nb6 28. Kf2 Nd5 29. Rc4 Kd7 30. Ra3 e1Q+ 31. Kxe1 Ne3 32. Rd4+ Ke7 33. Ke2 Nc2 34. Rd3 a4 35. Rc3 Nd4+ 36. Kd3 Nxb5 37. Rc5 Nxa3 38. Bxa3 Kd7 39. Rc4 Rhb8 40. Rd4+ Ke8 41. Kc3 b2 0-1